LIBRARY & INFORMATION CENTRE, KCAET, TAVANUR

ONLINE PUBLIC ACCESS CATALOGUE (OPAC)

Australian sanitary engineering practice / (Record no. 9654)

MARC details
000 -LEADER
fixed length control field 00374cam a2200145ua 4500
003 - CONTROL NUMBER IDENTIFIER
control field OSt
008 - FIXED-LENGTH DATA ELEMENTS--GENERAL INFORMATION
fixed length control field 250909b |||||||| |||| 00| 0 eng d
041 ## - LANGUAGE CODE
Language code of text/sound track or separate title eng
082 ## - DEWEY DECIMAL CLASSIFICATION NUMBER
Classification number 628
Item number RAN/AU
100 ## - MAIN ENTRY--AUTHOR NAME
Personal name Randerson, H Y .
245 ## - TITLE STATEMENT
Title Australian sanitary engineering practice /
260 ## - PUBLICATION, DISTRIBUTION, ETC. (IMPRINT)
Place of publication London :
Name of publisher Angus and Robertson ltd ,
Year of publication 1946.
300 ## - PHYSICAL DESCRIPTION
Number of Pages 443 ; .
942 ## - ADDED ENTRY ELEMENTS (KOHA)
Koha item type Books
Holdings
Withdrawn status Lost status Damaged status Home library Current library Date acquired Full call number Accession Number Koha item type
      KAUAET KAUAET 07/04/2012 628 RAN/AU 3933 Books
free website counter